| 000 | 01422nam0a22002771 4500 | ||
|---|---|---|---|
| 001 | rc\4191741 | ||
| 005 | 20130415193749.0 | ||
| 035 | _a(NLR Aleph) 008004311 | ||
| 090 |
_a8659749 _c8659749 |
||
| 100 | _a20130415d1954 |||a0rusy50 ca | ||
| 101 | 0 | _arus | |
| 102 | _aRU | ||
| 105 | _ay z ||||| | ||
| 200 | 1 |
_aТехнические условия на приемку в капитальный ремонт и выдачу из ремонта электропилы ЦНИИМЭ-К5 _eУтв. М-вом лесной пром-сти СССР. 24/IV-1954 г. _fМ-во лесной пром-сти СССР. Упр. гл. механика и энергетика |
|
| 210 |
_aМосква _aЛенинград _cГослесбумиздат _d1954 |
||
| 215 |
_a24 с. _d22 |
||
| 225 | 1 | _aТиповая технология ремонта лесозаготовительных машин и механизмов | |
| 300 | _aНа обороте тит. л. сост.: инж. Э.А. Павлов, В.Г. Першин | ||
| 702 | 1 |
_aПавлов _bЭ. А. _4220 |
|
| 702 | 1 |
_aПершин _bВ. Г. _4220 |
|
| 710 | 0 | 1 |
_aСССР _bМинистерство лесной промышленности _bУправление главного механика и энергетика _3RU\NLR\AUTH\8810141612 |
| 801 | 0 |
_aRU _bNLR _gpsbo |
|
| 801 | 1 |
_aRU _bELAR _2rusmarc |
|
| 852 |
_aNLR _jС60 Г-6/463 |
||
| 942 | _cBOOK | ||
| 980 | _aNB | ||